| 000 | 01045nam a2200277 i 4500 | ||
|---|---|---|---|
| 001 | 12047 | ||
| 003 | ES-MaACL | ||
| 005 | 20250821043010.0 | ||
| 007 | t| | ||
| 008 | 970204s1995 sp ||||1| spa d | ||
| 020 | _a84-8173-028-9 | ||
| 080 | _a929 Felipe (460.18) I | ||
| 080 | _a946.018"1478/1506" | ||
| 100 | 1 |
_aPérez-Bustamante, Rogelio. _990685 |
|
| 245 | 1 | 0 |
_aFelipe I, 1506 / _cRogelio Pérez-Bustamante, José Manuel Calderón Ortega. |
| 260 |
_aPalencia : _bDiputación Provincial ; _a[Burgos] : _bLa Olmeda, _c1995. |
||
| 300 |
_a348 p., [16] p. de lám. ; _c22 cm. |
||
| 490 | 1 | _aCorona de España. I. Reyes de Castilla y León | |
| 504 | _aBibliografía : p. 309-315. | ||
| 600 | 0 | 4 |
_aFelipe, _cRey consorte de Juana I, Reina de Castilla _949174 |
| 651 | 4 |
_aCastilla (Reino)- _xHistoria- _y1478-1506, Felipe I _97992 |
|
| 700 | 1 |
_aCalderón Ortega, José Manuel. _933624 |
|
| 830 | 0 | 0 |
_aCorona de España. _pReyes de Castilla y León _9179243 |
| 852 |
_aES-MaACL _jL-19329 _bR.124713 |
||
| 999 |
_c12047 _d12047 |
||